| 000 | 00966nam a2200361Ii 4500 | ||
|---|---|---|---|
| 001 | 76991 | ||
| 003 | BD-RjUL | ||
| 005 | 20211209082919.0 | ||
| 008 | 200213s1961 nyua 000 0 eng | ||
| 020 | _a0824024249 | ||
| 035 | _aMITb10033530 | ||
| 035 | _a(OCoLC)02801606 | ||
| 035 | _aGLIS00033530 | ||
| 040 |
_aDLC _cGAT _dMYG _beng |
||
| 041 | _aeng | ||
| 049 |
_aMYGR _c[793686] |
||
| 099 | _aN5300.G32 v.14 | ||
| 100 |
_aKeim, Jean A. _9239251 |
||
| 245 | 0 | 0 |
_aChinese art. / _cJean A. Keim |
| 260 |
_aNew York : _bTudor pub. ., _c1961. |
||
| 300 |
_a15 p. : _bill. ; _c15 cm. |
||
| 336 |
_atext _btxt _2rdacontent |
||
| 337 |
_aunmediated _bn _2rdamedia |
||
| 338 |
_avolume _bnc _2rdacarrier |
||
| 504 | _aIncludes bibliographical references. | ||
| 650 | 0 |
_aArt, Chinese. _9239252 |
|
| 910 | _a793686LRC770405 | ||
| 910 | _a793686LRC770405 | ||
| 910 | _aMARCIVEAUT | ||
| 942 |
_2ddc _cBK |
||
| 999 |
_c76991 _d76991 |
||